| 000 | 01018nam a22003257a 4500 | ||
|---|---|---|---|
| 003 | CHAP | ||
| 005 | 20220329140737.0 | ||
| 008 | 971013s r 00010 d | ||
| 010 | _a56925 | ||
| 011 | _a57897 | ||
| 035 | _a62052 | ||
| 040 | _cCHAP | ||
| 090 | _aR-2627 | ||
| 100 | 0 | 0 |
_aSingleton, V. L. _9106652 |
| 245 | _aColorimetry of total phenolics with phosphomolybdic-Phosphotungsic acid reagents | ||
| 500 | _aFotocopia | ||
| 500 | _aSobretiro de : American J. Enol. Viticul. 16 (3) : 144-157, 1965 | ||
| 590 |
_aBATCH-UPD _b10 _c20130110 _lUCH01 _h0826 |
||
| 590 |
_aBATCH-UPD _b10 _c20130410 _lUCH01 _h0504 |
||
| 590 |
_aBATCH-UPD _b10 _c20130914 _lUCH01 _h1011 |
||
| 590 |
_aCONVERSION _b10 _c20130109 _lUCH01 _h1331 |
||
| 650 | 1 | 4 |
_aColorimetrĂa. _925476 |
| 650 | 1 | 4 |
_aFenoles. _940041 |
| 650 | 1 | 4 |
_aPruebas y reactivos quĂmicos. _992537 |
| 650 | 1 | 4 |
_aTaninos. _9111590 |
| 700 | 0 |
_aRossi, Joseph A. J. _9100217 |
|
| 901 | _aBK | ||
| 942 | _cREIMP | ||
| 949 |
_aR-2627 _bBC _cR _d-133052 _eTS1 _i62052 _si |
||
| 999 |
_c56925 _d56925 |
||